| 000 | 00516nam a2200217Ia 4500 | ||
|---|---|---|---|
| 003 | OSt | ||
| 005 | 20221005114942.0 | ||
| 006 | a|||||r|||| 00| 0 | ||
| 007 | ta | ||
| 008 | 221004b |||||||| |||| 00| 0 eng d | ||
| 024 | _a115647 | ||
| 037 | _cTextual | ||
| 040 |
_aCRL _cCRL _beng |
||
| 041 |
_2eng _aeng |
||
| 100 | _aTomar Ram Bihari Singh | ||
| 245 | 0 | _aBhartiya samajik samasye | |
| 260 | _c1956 | ||
| 650 | _aSOCIOLOGY | ||
| 942 |
_cTEXL _2cc |
||
| 999 |
_c1032935 _d1032935 |
||